000 00361nam a2200133Ia 4500
005 20260328104335.0
008 260328s9999||||xx |||||||||||||| ||und||
100 _aVillegas, Benjamín
245 0 _aCasa RePublicana :
_b la Bella Época en Colombia /
_cBenjamín Villegas
260 _bVillegas Editores
300 _a259 p.
650 _aCOLOMBIA
942 _cBK
999 _c11860
_d11860